End of year WTA Top 100 2025 - Statistics

General Stats
  • This quiz has been taken 240 times
  • The average score is 57 of 100
Answer Stats
Rank Country Answer % Correct
1 - Aryna Sabalenka
100%
3 USA Coco Gauff
100%
2 Poland Iga Swiatek
100%
5 Kazakhstan Elena Rybakina
97%
8 Italy Jasmine Paolini
95%
6 USA Jessica Pegula
95%
16 Japan Naomi Osaka
95%
7 USA Madison Keys
92%
11 Switzerland Belinda Bencic
91%
4 USA Amanda Anisimova
90%
14 Ukraine Elina Svitolina
89%
24 China Zheng Qinwen | Zheng
89%
12 Denmark Clara Tauson
88%
18 Canada Victoria Mboko
88%
23 Latvia Jelena Ostapenko
87%
52 Greece Maria Sakkari
86%
29 Great Britain Emma Raducanu
85%
9 - Mirra Andreeva
83%
20 Belgium Elise Mertens
82%
22 Canada Leylah Fernandez
80%
38 USA Ann Li
79%
10 - Ekaterina Alexandrova
79%
26 Ukraine Marta Kostyuk
79%
76 Tunisia Ons Jabeur
78%
25 Spain Paula Badosa
78%
50 Philippines Alexandra Eala
77%
57 Brazil Beatriz Haddad Maia
75%
19 Czechia Karolina Muchova
75%
65 Czechia Barbora Krejcikova
73%
55 Poland Magda Linette
73%
81 Colombia Camila Osorio
72%
37 Australia Daria Kasatkina
71%
44 Romania Sorana Cirstea
70%
71 Croatia Donna Vekic
66%
58 Poland Magdalena Frech
66%
27 Ukraine Dayana Yastremska
65%
15 USA Emma Navarro
65%
32 Australia Maya Joint
65%
56 China Wang Xinyu | Wang
65%
34 Czechia Marketa Vondrousova
64%
36 France Lois Boisson
63%
93 Egypt Mayar Sherif
63%
21 - Diana Shnaider
62%
40 Germany Eva Lys
62%
13 Czechia Linda Noskova
61%
72 Kazakhstan Yulia Putintseva
61%
53 Indonesia Janice Tjen
60%
17 - Liudmila Samsonova
59%
41 Germany Tatjana Maria
59%
33 - Anna Kalinskaya
58%
64 USA Danielle Collins
57%
46 Germany Laura Siegemund
57%
82 Mexico Renata Zarazua
57%
67 Serbia Olga Danilovic
54%
90 - Polina Kudermetova
54%
30 - Veronika Kudermetova
54%
51 - Anastasia Potapova
53%
35 USA Iva Jovic
53%
28 USA Sofia Kenin
52%
88 New Zealand Lulu Sun
51%
39 Romania Jaqueline Cristian
50%
49 Czechia Katerina Siniakova
50%
43 Czechia Marie Bouzkova
50%
42 Spain Jessica Bouzas Maneiro
49%
75 Hungary Anna Bondar
47%
31 USA Mccartney Kessler
47%
70 Great Britain Sonay Kartal
47%
84 Italy Elisabetta Cocciaretto
45%
87 Netherlands Suzan Lamens
45%
47 - Anastasia Pavlyuchenkova
43%
48 Colombia Emiliana Arango
43%
73 Slovakia Rebecca Sramkova
43%
69 Switzerland Viktorija Golubic
42%
61 USA Hailey Baptiste
40%
63 USA Peyton Stearns
40%
83 Australia Ajla Tomljanovic
39%
54 Spain Cristina Bucsa
39%
66 Argentina Solana Sierra
39%
45 USA Ashlyn Krueger
37%
77 France Varvara Gracheva
37%
59 France Elsa Jacquemot
35%
62 - Anna Blinkova
34%
74 Great Britain Francesca Jones
34%
91 Japan Moyuka Uchijima
34%
60 Czechia Tereza Valentova
34%
68 USA Alycia Parks
28%
92 Austria Julia Grabher
28%
99 Slovenia Kaja Juvan
27%
94 Australia Kimberly Birrell
27%
78 Croatia Antonia Ruzic
26%
100 France Leolia Jeanjean
26%
96 Hungary Dalma Galfi
24%
85 Germany Ella Seidel
22%
79 USA Caty Mcnally
18%
97 Latvia Darja Semenistaja
18%
80 Czechia Sara Bejlek
17%
86 Switzerland Simona Waltert
15%
89 USA Katie Volynets
14%
95 Ukraine Oleksandra Oliynykova
12%
98 - Oksana Selekhmeteva
5%
No matching quizzes found
Score Distribution
Percent of People with Each Score
Percentile by Number Answered
Your Score History
You have not taken this quiz